| 000 | 00501nam a2200181Ia 4500 | ||
|---|---|---|---|
| 001 | 4867 | ||
| 005 | 20260306145826.0 | ||
| 008 | 260306t2011||||xx |||||||||||||| ||spa|| | ||
| 041 | _aESP | ||
| 082 |
_a330.985 _bH94 |
||
| 100 |
_aHunt, Shane J. _eAUT |
||
| 245 | 0 |
_aLa formación de la economía peruana: _bdistribución y crecimiento en la historia del Perú y América Latina |
|
| 260 | _c2011 | ||
| 300 |
_a653 páginas : _c20 cm. |
||
| 650 | _aGEN | ||
| 654 | _aCAN | ||
| 942 |
_cLIB _dJUS _fJUS _2ddc _n |
||
| 999 |
_c4867 _d4867 |
||